000 00736nam a2200217Ia 4500
001 5774
003 GE_BSU
008 181216s||||||||xx |||||||||||||| ||und||
040 _cGE_BSU
080 _a629.113(072)
100 _aნამორაძე, ა.
245 _aავტომობილები და ტრაქტორები. 1 ნაწილი
245 _cრედ. გურგენიძე, ჩ.
260 _aთბილისი
260 _bგანათლება
260 _c1975
300 _a335 გვ. ილ. 27სმ.
300 _eბიბლიოგრ.: 332-333 გვ.
653 _aავტომობილები და ტრაქტორები.
942 _cBK
999 _c39189
_d39189